[Event "ROM-ch U10 Girls"]
[Site "Calimanesti"]
[Date "2013.04.07"]
[Round "8"]
[White "Craiu, Mara Ioana"]
[Black "Gollner, Blanka"]
[Result "0-1"]
[WhiteElo "1001"]
[BlackElo "1190"]
[PlyCount "54"]
[EventDate "2013.04.02"]
[EventType "swiss"]
[EventRounds "9"]
[EventCountry "ROU"]
[SourceTitle "CBM 153 Extra"]
[Source "ChessBase"]
[SourceDate "2013.04.22"]
[SourceVersion "1"]
[SourceVersionDate "2013.04.22"]
[SourceQuality "1"]

1. e4 e5 2. Nf3 Nc6 3. Nc3 Nf6 4. Bc4 Be7 5. 0-0 0-0 6. d3 h6 7. a3 d6 8. h3 Be6 9. Bxe6 fxe6 10. Be3 Qe8 11. Qd2 Qg6 12. Rfd1 Nh5 13. Qe2 Nd4 14. Nxd4 exd4 15. Bxd4 Rf4 16. Rd2 Raf8 17. Bxa7 b6 18. Qd1 Rh4 19. Kf1 Nf4 20. f3 Qg5 21. b4 Rf6 22. a4 Rg6 23. Qe2 Nxe2 24. Rxe2 Qg3 25. Rf2 Bf6 26. Ra3 Bd4 27. Ne2 Qxf2# 0-1